Equipos de la Champions League 24-25 - Estadísticas

Estadísticas generales
  • Esta prueba ha sido intentada 37 veces
  • La puntuación promedio es 15 de 36
Estadísticas de respuestas
Hint Respuesta % Correcto
España Real Madrid
100%
España Atlético de Madrid
92%
Inglaterra Liverpool
92%
España Girona
89%
Inglaterra Manchester City
89%
España FC Barcelona
86%
Inglaterra Arsenal
75%
Inglaterra Aston VIlla
72%
Alemania Borussia Dortmund
72%
Francia PSG
69%
Alemania Bayer Leverkusen
61%
Italia AC Milan
58%
Portugal Benfica
56%
Italia Juventus
56%
Italia Inter Milan
53%
Paises Bajos PSV
53%
Italia Atalanta
36%
Paises Bajos Feyenoord
33%
Francia Lille
33%
Francia Monaco
33%
Escocia Celtic
31%
Croacia Dinamo Zagreb
22%
Austria Salzburg
22%
Italia Bologna
19%
Suiza Young Boys
19%
Eslovaquia Slovan Bratislava
17%
Alemania Stuttgart
17%
República Checa Sparta Praga
11%
Bélgica Club Brujas
8%
Alemania RB Leizpig
8%
Portugal Sporting CP
8%
Francia Stade Brestois
6%
Austria Sturm Graz
6%
Alemania Bayern Muchen
0%
Serbia Red Star Belgrade
0%
Ucrania Shakthar Donetsk
0%
No se encontraron pruebas coincidentes
Distribución de puntuación
Porcentaje de gente con cada puntuación
Porcentaje por número respondido
Historial de tus puntuaciones
No has intentado esta prueba.